00482nam a22001457a 4500020002200000082001900022100002100041245006300062260002700125300000800152650002400160942000700184952012800191999001700319 a978-81-8465-014-3 a291.172 DSO C2 aD'Souza, Andreas aFrom converting the Pagan to Dialogue with our partners... aDelhibISPCK/HMIc2009 a348 aInterfaith Dialogue cBK 00104070aHMIbHMIcGENd2017-07-06eDr. Andreas D'Souzag450.00l0o291.172 DSO C3p11003522r2026-01-16w2026-01-16yBK c20537d20537